Золоторогий олень: осетинские народные сказки; пер. с осетин.; для младшего школьного возраста

書誌詳細
その他の著者: Джикаев Ш. (составитель), Нещерет Т. (иллюстратор)
言語:ロシア語
出版事項: Москва, Детская литература, 1990
主題:
フォーマット: 図書
KOHA link:https://koha.lib.tpu.ru/cgi-bin/koha/opac-detail.pl?biblionumber=157840

MARC

LEADER 00000nam0a2200000 4500
001 157840
005 20231031154023.0
010 |a 508001489X 
020 |a RU  |b 90-59566 
035 |a (RuTPU)RU\TPU\book\171201 
090 |a 157840 
100 |a 20090415d1990 c y0rusy5003 ca 
101 1 |a rus  |c oss 
102 |a RU 
105 |a a z 000ay 
200 1 |a Золоторогий олень  |e осетинские народные сказки   |e пер. с осетин.  |e для младшего школьного возраста  |f сост. Ш. Джикаев ; худож. Т. Нещерет 
210 |a Москва  |c Детская литература  |d 1990 
215 |a 54,[2] с.  |c цв. ил.  |d 28 см 
610 1 |a Сказки осетинские 
610 1 |a детская литература 
675 |a 891.56  |z rus 
702 1 |a Джикаев  |b Ш.  |4 220 
702 1 |a Нещерет  |b Т.  |4 440 
801 0 |a RU  |b RuMRKP  |c 19950417  |g psbo 
801 1 |a RU  |b 63413507  |c 20090415  |g PSBO 
801 2 |a RU  |b 63413507  |c 20090415  |g PSBO 
942 |c BK